00357nam a22001337a 4500003000400000005001700004008004100021020001800062040002800080100001700108245006500125260002500190300000800215OSt20260320150637.0260320b |||||||| |||| 00| 0 eng d a9789354667503 cIIMT UNIVERSITY, MEERUT aMohammed Ali aTextbook of Pharmacognosy for First Year Diploma in Pharmacy aNEW DELHIbCBSc2025 a336